000 00279nam a22001217a 4500
999 _c155412
_d155412
082 _a
_b
100 _aNarayana Guru
245 _aSampoorna krithikal:
_bSri Narayana Guru/
_cby Narayana Guru.
260 _a
_bNarayana,
_c2009.
300 _a238p.
650 _a
942 _cBK